[Event "It (open)"]
[Site "masterchessopen.com Urumia (Iran)"]
[Round "10"]
[White "Nasri Amin (IRI)"]
[Black "Beheshtayeen A (IRI)"]
[Result "1-0"]
[WhiteElo "2331"]
[BlackElo "2220"]

1.d4 Nf6 2.c4 g6 3.Nc3 Bg7 4.e4 d6 5.Be2 O-O 6.Bg5 h6 7.Be3 e5 8.d5 Na6 9.g4
Nc5 10.f3 a5 11.Nh3 c6 12.Nf2 cxd5 13.cxd5 Bd7 14.h4 h5 15.Bg5 Qb6 16.Qd2 hxg4
17.fxg4 Nh7 18.Be3 f5 19.gxf5 gxf5 20.exf5 Bxf5 21.Na4 Qc7 22.Nxc5 dxc5
23.O-O-O c4 24.d6 Qf7 25.Rhg1 Kh8 26.Bg4 a4 27.a3 Qd7 28.Bxf5 Rxf5 29.Ne4 Nf6
30.Nc5 Qc6 31.Bh6 Qxc5 32.Bxg7+ Kg8 33.Bxf6+ Kf7 34.Rg7+ {#r} 1-0

[Event "Memorial E.Geller (open)"]
[Site "masterchessopen.com Odessa (Ukraine)"]
[Date "2008.09.16"]
[Round "8"]
[White "Afanasjev Anatoly (UKR)"]
[Black "Bernadskiy Vitaliy (UKR)"]
[Result "0-1"]
[WhiteElo "2045"]
[BlackElo "2319"]

1.d4 Nf6 2.c4 g6 3.Nc3 Bg7 4.e4 d6 5.Be2 O-O 6.Bg5 h6 7.Be3 e5 8.d5 c6 9.Qd2
cxd5 10.cxd5 Kh7 11.f3 a6 12.a4 Nbd7 13.b4 Nh5 14.Rc1 Qh4+ 15.Bf2 Qe7 16.g3 f5
17.Bf1 Ndf6 18.Nge2 fxe4 19.Nxe4 Nxe4 20.fxe4 Qf7 21.Qe3 Nf6 22.Rxc8 Raxc8
23.Bh3 Rc4 24.Be6 Qc7 25.O-O Rxe4 26.Qd2 Rc4 27.Be3 Rc2 28.Qd1 Qc4 29.Bd2 Qd3
{#R} 0-1

[Event "Tournament (juniors) (under 13)"]
[Site "masterchessopen.com Lublin (Poland)"]
[Date "2008.09.17"]
[Round "2"]
[White "Mazurek Grzegorz (POL)"]
[Black "Sokolowski Jakub (POL)"]
[Result "1-0"]
[WhiteElo "1638"]
[BlackElo "1610"]

1.d4 Nf6 2.c4 g6 3.Nc3 Bg7 4.e4 d6 5.Be2 O-O 6.Bg5 h6 7.Be3 e5 8.d5 a5 9.Qd2
Na6 10.Bxh6 Bxh6 11.Qxh6 Nc5 12.f3 Nh5 13.g3 Ng7 14.O-O-O a4 15.g4 Qf6 16.h4
Nd7 17.Nh3 Re8 18.Nb5 Qd8 19.h5 Nf8 20.hxg6 Nxg6 21.f4 exf4 22.Nxf4 Rxe4
23.Nxg6 {#r} 1-0

[Event "Cup Grunwald (for the Blind)"]
[Site "masterchessopen.com Dadaj (Poland)"]
[Date "2008.09.29"]
[Round "9"]
[White "Grigorchuk Sergey (UKR)"]
[Black "Bakalarczyk Wlodzimierz (POL)"]
[Result "1-0"]
[WhiteElo "2244"]
[BlackElo "2051"]

1.d4 Nf6 2.c4 g6 3.Nc3 Bg7 4.e4 d6 5.Be2 O-O 6.Bg5 h6 7.Be3 Nc6 8.d5 Ne5 9.Nf3
Nxf3+ 10.Bxf3 a6 11.O-O Rb8 12.c5 Nd7 13.cxd6 cxd6 14.Qd2 Kh7 15.Rac1 Ne5
16.Be2 Bd7 17.h3 Rc8 18.Nb1 f6 19.f4 Nf7 20.Na3 e5 21.f5 gxf5 22.exf5 Rxc1
23.Qxc1 Qc8 24.Qxc8 Rxc8 25.Nc4 Be8 26.Rc1 Bf8 27.Na5 Rxc1+ 28.Bxc1 b5 29.Bh5
Kg7 30.h4 Bd7 31.g4 Nd8 32.Be3 Be7 33.Kf2 Bf8 34.Kf3 Nf7 35.Ke4 Be7 {#r} 1-0

[Event "World Mindsports Games (Blitz Team w)"]
[Site "masterchessopen.com Beijing (China)"]
[Date "2008.10.13"]
[Round "1"]
[White "Peng Zhaoqin (NED)"]
[Black "Ziogaite Jovita (LTU)"]
[Result "1-0"]
[WhiteElo "2455"]
[BlackElo "2093"]

1.d4 Nf6 2.c4 g6 3.Nc3 Bg7 4.e4 d6 5.Be2 O-O 6.Bg5 h6 7.Be3 Nc6 8.d5 Ne5 9.h3
a6 10.Qd2 h5 11.f4 Ned7 12.Nf3 Nc5 13.Ng5 a5 14.O-O b6 15.Rae1 Bd7 16.e5 Nh7
17.Nf3 Qc8 18.Bd4 Bf5 19.Qe3 Re8 20.Nh4 Bd7 21.e6 fxe6 22.Nxg6 exd5 23.cxd5
Bf5 24.Nxe7+ Rxe7 25.Qxe7 Bxd4+ 26.Kh2 Qe8 27.Qh4 Qg6 28.Bxh5 Qg7 {#r} 1-0

[Event "Ch Region (1/2 final)"]
[Site "masterchessopen.com Lipetsk (Russia)"]
[Date "2008.10.23"]
[Round "6"]
[White "Morozov Vladislav (RUS)"]
[Black "Geranichev Mikhail (RUS)"]
[Result "1-0"]
[WhiteElo "2093"]
[BlackElo "1847"]

1.d4 Nf6 2.c4 g6 3.Nc3 Bg7 4.e4 d6 5.Be2 O-O 6.Bg5 h6 7.Be3 Nc6 8.Qd2 Kh7 9.d5
Ne5 10.h3 c5 11.f4 Ned7 12.g4 Ne8 13.Nf3 a6 14.h4 Qa5 15.h5 gxh5 16.g5 Rh8
17.Rxh5 Kg8 18.Kf2 b5 19.Rg1 hxg5 20.Nxg5 b4 21.Nd1 Ndf6 22.Rxh8+ Bxh8 23.e5
Nd7 24.Qd3 Bg7 25.Qh7+ Kf8 26.Qh5 Nxe5 27.fxe5 {#r} 1-0

[Event "Ch World (juniors) (under 12)"]
[Site "masterchessopen.com Vung Tau (Vietnam)"]
[Date "2008.10.29"]
[Round "10"]
[White "Artemenko Oleg (UZB)"]
[Black "Kowsarinia Amir (IRI)"]
[Result "0-1"]
[WhiteElo "2003"]
[BlackElo "1961"]

1.d4 Nf6 2.c4 g6 3.Nc3 Bg7 4.e4 d6 5.Be2 O-O 6.Bg5 h6 7.Be3 e5 8.d5 Nbd7 9.h4
Nc5 10.Qc2 Qe8 11.h5 Nxh5 12.Bxh5 gxh5 13.Rxh5 f5 14.Rh2 fxe4 15.Bxc5 dxc5
16.Nxe4 Bf5 17.Ne2 Qg6 18.N2g3 Bxe4 19.Qxe4 Qb6 20.Qc2 Rf4 21.O-O-O Qb4 22.b3
b5 23.Nh5 bxc4 24.Nxf4 cxb3 25.Qd2 Qc4+ 26.Kb1 bxa2+ 27.Ka1 exf4+ {#R} 0-1

[Event "Ch Belgrade (team) (qual. liga)"]
[Site "masterchessopen.com Belgrade (Yugoslavia)"]
[Date "2008.11.10"]
[Round "9"]
[White "Arandjelovic Dragoljub (SRB)"]
[Black "Jovanovic Miroslav_ (SRB)"]
[Result "0-1"]
[WhiteElo "2100"]
[BlackElo "1973"]

1.d4 Nf6 2.c4 g6 3.Nc3 Bg7 4.e4 d6 5.Be2 O-O 6.Bg5 h6 7.Be3 Nbd7 8.Qd2 Kh7
9.h3 e5 10.d5 Nc5 11.Qc2 a5 12.Nf3 Ne8 13.O-O f5 14.Nh2 Nxe4 15.Nxe4 fxe4
16.Bg4 Nf6 17.Bxc8 Qxc8 18.Rfe1 c6 19.dxc6 bxc6 20.Nf1 Qe6 21.Ng3 d5 22.Bd2
Qf7 23.Re2 Ne8 24.Rf1 Nd6 25.b3 Qe6 26.Bc1 Nf5 27.Nxf5 gxf5 28.Ba3 Rg8 29.f3
exf3 30.Rxf3 e4 31.Bc5 Be5 32.Rf1 Qg6 33.Kh1 d4 34.g4 d3 35.Qd2 dxe2 {#R} 0-1

[Event "Tournament (open)"]
[Site "masterchessopen.com Rome (Italy)"]
[Date "2008.11.12"]
[Round "5"]
[White "Antonelli Mauro (ITA)"]
[Black "Mulas Icaro (ITA)"]
[Result "1-0"]
[WhiteElo "2075"]
[BlackElo "1813"]

1.c4 Nf6 2.Nc3 g6 3.e4 d6 4.d4 Bg7 5.Be2 O-O 6.Bg5 h6 7.Be3 c6 8.Qd2 Kh7
9.O-O-O a6 10.f3 b5 11.Kb1 Bd7 12.c5 a5 13.g4 a4 14.a3 Na6 15.Na2 Be6 16.Nb4
Nxb4 17.Qxb4 Bb3 18.Rc1 dxc5 19.Rxc5 Rc8 20.Nh3 Nd7 21.Rcc1 Nb8 22.Bd1 Na6
23.Qd2 Be6 24.Nf4 Bc4 25.Bxa4 g5 26.Nh5 Be6 27.Bc2 f6 28.h4 Kg8 29.b4 Bf7
30.Nxg7 Kxg7 31.hxg5 hxg5 32.Bxg5 {#r} 1-0

[Event "Tournament (weekend) (a)"]
[Site "masterchessopen.com Imperia (Italy)"]
[Date "2008.11.21"]
[Round "1"]
[White "Platino Maurizio"]
[Black "Nastasi Maurizio (ITA)"]
[Result "1-0"]
[WhiteElo "1900"]
[BlackElo "1695"]

1.d4 Nf6 2.c4 g6 3.Nc3 Bg7 4.e4 d6 5.Be2 O-O 6.Bg5 h6 7.Be3 e5 8.d5 a5 9.h3
Na6 10.Nf3 Ne8 11.O-O f5 12.exf5 gxf5 13.Nh2 Nf6 14.f4 e4 15.g4 Qe8 16.Kh1 Qe7
17.Rg1 Kh8 18.g5 Nd7 19.gxh6 Bxh6 20.Rg6 Qh4 21.Qd4+ Kh7 22.Rag1 Nf6 23.Bf2
{#r} 1-0

[Event "Olympiad"]
[Site "masterchessopen.com Dresden (Germany)"]
[Date "2008.11.23"]
[Round "10"]
[White "Prasad Calvin (FIJ)"]
[Black "Hawes Jonathan (JCI)"]
[Result "1-0"]
[WhiteElo "1888"]
[BlackElo "2174"]

1.d4 Nf6 2.c4 g6 3.Nc3 Bg7 4.e4 d6 5.Be2 O-O 6.Bg5 h6 7.Be3 Nbd7 8.h4 e5 9.d5
Nc5 10.f3 Nh5 11.Qd2 Nf4 12.O-O-O Kh7 13.h5 Nxh5 14.Nh3 Ng3 15.Rh2 h5 16.Qe1
Nxe2+ 17.Qxe2 Rh8 18.Ng5+ Kg8 19.g4 Bh6 20.Qd2 Bxg5 21.Bxg5 Nd3+ 22.Kb1 f6
23.Be3 Nf4 24.gxh5 g5 25.Rg1 Kf7 26.Bxf4 exf4 27.h6 Bd7 28.Qg2 Rh7 29.Ne2 Qh8
30.Nd4 {#r} 1-0

[Event "Ch Slovenia (team)"]
[Site "masterchessopen.com Murska Sobota (Slovenia)"]
[Date "2008.12.06"]
[Round "1"]
[White "Maksimenko Andrei (UKR)"]
[Black "Bajt Indira (SLO)"]
[Result "1-0"]
[WhiteElo "2536"]
[BlackElo "2200"]

1.d4 Nf6 2.c4 g6 3.Nc3 Bg7 4.e4 d6 5.Be2 O-O 6.Bg5 h6 7.Be3 Nbd7 8.Qd2 c5 9.d5
Kh7 10.f3 Ne5 11.h3 Ned7 12.Bd1 Nb6 13.b3 e6 14.Nge2 exd5 15.cxd5 Re8 16.O-O
Nbd7 17.Bc2 a6 18.a4 b6 19.Ng3 Rb8 20.Bd3 Bb7 21.Rae1 Ne5 22.Be2 Ned7 23.Rf2
Ng8 24.Rff1 Qe7 25.Bf2 Qe5 26.Rc1 h5 {#r} 1-0

[Event "It (open) (b)"]
[Site "masterchessopen.com Bagnara Calabra (Italy)"]
[Date "2009.01.05"]
[Round "5"]
[White "Russo Carmelo (ITA)"]
[Black "Vallone Rosario"]
[Result "1-0"]
[WhiteElo "1705"]
[BlackElo "1524"]

1.d4 Nf6 2.c4 g6 3.Nc3 Bg7 4.e4 d6 5.Be2 O-O 6.Bg5 h6 7.Bd2 e5 8.d5 a5 9.Qc1
Kh7 10.Qc2 Na6 11.a3 Nc5 12.Nf3 Ng8 13.Na4 Nxa4 14.Qxa4 Bd7 15.Qc2 f5 16.Bd3
f4 17.a4 g5 18.h3 b6 19.Nh2 Qe8 20.Be2 h5 21.Ra3 Qg6 22.g4 fxg3 23.Rxg3 Bh6
24.Nf3 Rf4 25.Bxf4 exf4 26.Rg2 Nf6 27.Bd3 {#r} 1-0

[Event "It (open)"]
[Site "masterchessopen.com Roquetas de Mar (Spain)"]
[Date "2009.01.05"]
[Round "6"]
[White "Herraiz Hidalgo Herminio (ESP)"]
[Black "Ferrer Sanchez Pedro (ESP)"]
[Result "1-0"]
[WhiteElo "2491"]
[BlackElo "2213"]

1.d4 Nf6 2.c4 g6 3.Nc3 Bg7 4.e4 O-O 5.Be2 d6 6.Bg5 h6 7.Be3 e5 8.d5 Nbd7 9.Qd2
Nc5 10.f3 a5 11.O-O-O h5 12.h4 Bd7 13.Nh3 Qe7 14.Nf2 Rfc8 15.Kb1 c6 16.dxc6
Rxc6 17.g4 Be6 18.Bg5 Qf8 19.Bxf6 Bxf6 20.gxh5 gxh5 21.Nd5 Bxd5 22.exd5 Rc7
23.Ne4 Nxe4 24.fxe4 Bg7 25.Rdf1 Bh6 26.Qc3 f6 27.Rhg1+ Rg7 28.Bxh5 b6 29.Qb3
Rb8 30.a3 Bf4 31.Bg6 Qc8 32.h5 Qc5 33.h6 Bxh6 34.Qh3 Qe3 35.Rg3 Qd2 36.Rh1
{#r} 1-0

[Event "It (open)"]
[Site "masterchessopen.com Reykjavik (Iceland)"]
[Date "2009.03.24"]
[Round "1"]
[White "Fridgeirsson Dagur Andri (ISL)"]
[Black "Johannesson Ingvar Thor (ISL)"]
[Result "0-1"]
[WhiteElo "1775"]
[BlackElo "2323"]

1.d4 Nf6 2.c4 g6 3.Nc3 Bg7 4.e4 d6 5.Be2 O-O 6.Bg5 h6 7.Be3 e5 8.d5 Na6 9.Qc2
Nc5 10.b4 Ncxe4 11.Nxe4 Nxe4 12.Bxh6 Bxh6 13.Qxe4 Bf5 14.Qf3 e4 15.Qb3 Qg5
16.Kf1 Rae8 17.h4 Qf6 18.Rd1 e3 19.f3 Qe5 20.g4 Qg3 21.Nh3 Bxg4 22.fxg4 Re4
23.Qc2 Rf4+ 24.Bf3 Qxf3+ 25.Kg1 Rxg4+ {#R} 0-1

[Event "Tournament (weekend) (b)"]
[Site "masterchessopen.com Ceriano Laghetto I(Ttaly)"]
[Date "2009.03.29"]
[Round "5"]
[White "Colombo Sandro (ITA)"]
[Black "Rapetti Giuseppe (ITA)"]
[Result "0-1"]
[WhiteElo "1835"]
[BlackElo "1799"]

1.c4 Nf6 2.Nc3 g6 3.e4 d6 4.d4 Bg7 5.Be2 O-O 6.Bg5 h6 7.Be3 e5 8.Qd2 exd4
9.Bxd4 Re8 10.f3 Nc6 11.Be3 Nd7 12.h4 h5 13.Nd5 Nf6 14.Bg5 Be6 15.Nc3 Ne5
16.b3 Qd7 17.Nh3 Nh7 18.O-O-O Nxg5 19.hxg5 Qd8 20.Nf2 Nc6 21.f4 Nb4 22.Nd5 a5
23.g4 Bxd5 24.cxd5 c6 25.f5 Bc3 26.Qf4 cxd5 27.fxg6 fxg6 28.a3 Rc8 29.Kb1 Be5
30.Qd2 Rc2 31.Qe3 Rb2+ {#R} 0-1

[Event "Memorial Dautov (open)"]
[Site "masterchessopen.com Ufa (Russia)"]
[Date "2009.04.01"]
[Round "1"]
[White "Selegenenko Vladimir (RUS)"]
[Black "Kajumov Karim (RUS)"]
[Result "1-0"]
[WhiteElo "2104"]
[BlackElo "1775"]

1.d4 Nf6 2.c4 g6 3.Nc3 Bg7 4.e4 d6 5.Be2 O-O 6.Bg5 h6 7.Be3 c6 8.Qd2 Kh7 9.f3
Nbd7 10.g4 e5 11.h4 Ne8 12.h5 g5 13.d5 cxd5 14.cxd5 a6 15.Nh3 b5 16.a4 b4
17.Nd1 a5 18.Bb5 Ba6 19.Bxa6 Rxa6 20.Nhf2 Nc7 21.Nd3 Qb8 22.b3 Ra8 23.N1b2 Na6
24.O-O Qb7 25.Nc4 Qb8 26.Nxa5 Nac5 27.Nxc5 Nxc5 28.Bxc5 dxc5 29.Nc6 Qd6 30.Qf2
{#r} 1-0

[Event "Ch Croatia (team) (2nd league)"]
[Site "masterchessopen.com Valpovo (Croatia)"]
[Date "2009.04.04"]
[Round "1"]
[White "Tonkovic Josip (CRO)"]
[Black "Poljanac Boris (CRO)"]
[Result "1-0"]
[WhiteElo "2102"]
[BlackElo "2028"]

1.d4 Nf6 2.c4 g6 3.Nc3 Bg7 4.e4 d6 5.Be2 O-O 6.Bg5 h6 7.Be3 Nbd7 8.g4 c5 9.d5
Qa5 10.Qd2 Ne5 11.f3 h5 12.gxh5 Nxh5 13.Bh6 Bxh6 14.Qxh6 Qb4 15.O-O-O Nxc4
16.Bxc4 Qxc4 17.Ne2 b5 18.Rdg1 b4 19.Qxh5 Kg7 20.Qg5 bxc3 21.Nxc3 Rb8 22.h4
Ba6 23.Rh2 Qd4 24.h5 Qf6 25.Qxf6+ exf6 26.hxg6 fxg6 27.Rhg2 g5 28.f4 Kh6
29.fxg5+ fxg5 30.Rxg5 Rf1+ 31.Rxf1 Kxg5 32.Rf7 Rb7 33.Rf8 Rd7 34.Kd2 Kg6
35.Ke3 Kg7 36.Rf2 Rf7 37.Rxf7+ Kxf7 38.a4 Kf6 39.Nb5 Ke5 40.Nxa7 {#r} 1-0

[Event "It \"]
[Site "masterchessopen.com Frydek-Mistek (Czech Republic)"]
[Date "2009.04.09"]
[Round "2"]
[White "Bernasek Jan (CZE)"]
[Black "Bury Rastislav (SVK)"]
[Result "1-0"]
[WhiteElo "2470"]
[BlackElo "2065"]

1.d4 Nf6 2.c4 g6 3.Nc3 Bg7 4.e4 d6 5.Be2 O-O 6.Bg5 h6 7.Be3 e5 8.d5 a5 9.g4
Nh7 10.Qd2 g5 11.h4 f6 12.c5 Nd7 13.cxd6 cxd6 14.Nb5 Nc5 15.Bxc5 dxc5 16.d6
Rf7 {#r} 1-0

[Event "Cup CEZ (cat.3)"]
[Site "masterchessopen.com Frydek-Mistek (Czech Republic)"]
[Date "2009.04.12"]
[Round "8"]
[White "Jedlicka Ales (CZE)"]
[Black "Talla Vladimir (CZE)"]
[Result "0-1"]
[WhiteElo "2270"]
[BlackElo "2483"]

1.d4 Nf6 2.c4 g6 3.Nc3 Bg7 4.e4 d6 5.Be2 O-O 6.Bg5 h6 7.Be3 Nbd7 8.Qc2 e5 9.d5
a5 10.h4 h5 11.Nh3 Nc5 12.Ng5 Bd7 13.O-O-O Qe7 14.f3 Na6 15.Qd2 Rfc8 16.Kb1
Bf8 17.g4 a4 18.Rdg1 Bg7 19.Bd1 a3 20.b3 c6 21.Ne2 b5 22.dxc6 Bxc6 23.cxb5
Bxb5 24.Ng3 d5 25.gxh5 d4 26.hxg6 dxe3 27.gxf7+ Kh8 28.Qxe3 Nb4 29.Be2 Rc2
30.f8=Q+ Rxf8 31.Bxb5 Rb2+ 32.Kc1 Rd8 {#R} 0-1

[Event "Ch Mongolia (w)"]
[Site "masterchessopen.com Ulan Bator (Mongolia)"]
[Date "2009.04.16"]
[Round "8"]
[White "Batzaya Yanjav (MGL)"]
[Black "Sarantungalag Sengeebaatar (MGL)"]
[Result "0-1"]
[WhiteElo "2084"]
[BlackElo "1991"]

1.d4 Nf6 2.c4 g6 3.Nc3 Bg7 4.e4 d6 5.Be2 O-O 6.Bg5 h6 7.Be3 e5 8.dxe5 dxe5
9.Qb3 Nc6 10.Rd1 Nd4 11.Bxd4 exd4 12.Nf3 c5 13.O-O Qe7 14.Nd5 Nxd5 15.exd5 Bf5
16.Bd3 Bxd3 17.Qxd3 b5 18.Rfe1 bxc4 19.Qxc4 Qd6 20.b4 Rac8 21.b5 Rfd8 22.Rd3
Kh7 23.Nd2 Rc7 24.g3 Rcd7 25.a4 Qb6 26.Nb3 Rxd5 27.Re7 R8d7 28.a5 Qc7 29.Re1
Rf5 30.Rc1 Qe5 31.b6 Bf8 32.Qa4 Re7 33.Nxc5 axb6 34.axb6 Qe2 35.Rc2 Qe1+
36.Kg2 Re2 37.Rxe2 Qxe2 38.Qxd4 Bxc5 39.Re3 Rxf2+ {#R} 0-1

[Event "It (open)"]
[Site "masterchessopen.com Angers (France)"]
[Date "2009.04.18"]
[Round "4"]
[White "Primault Loic (FRA)"]
[Black "Follereau Xavier (FRA)"]
[Result "0-1"]
[WhiteElo "1591"]
[BlackElo "1785"]

1.d4 Nf6 2.c4 g6 3.Nc3 Bg7 4.e4 d6 5.Be2 O-O 6.Bg5 h6 7.Be3 e5 8.d5 a5 9.Qd2
Kh7 10.b3 Na6 11.g4 Ng8 12.h4 Ne7 13.f4 exf4 14.Bxf4 Nc5 15.Qc2 Kh8 16.Qd2 Ng8
17.O-O-O Qe7 18.Bf3 Re8 19.Re1 Nd7 20.Nh3 Ne5 21.Bxe5 Bxe5 22.Ne2 Kg7 23.g5 h5
24.Nhf4 f6 25.Nd3 fxg5 26.hxg5 Rf8 27.Nxe5 Qxe5 {#R} 0-1

[Event "Tournament (open)"]
[Site "masterchessopen.com Santos (Brazil)"]
[Date "2009.06.26"]
[Round "1"]
[White "Zimmermann Aranha Alvaro"]
[Black "Faria Moreira Altair Carlos"]
[Result "1-0"]
[WhiteElo "2292"]
[BlackElo "1792"]

1.d4 Nf6 2.c4 g6 3.Nc3 Bg7 4.e4 d6 5.Be2 O-O 6.Bg5 h6 7.Be3 e5 8.d5 Ne8 9.Qd2
Kh7 10.g4 a6 11.h4 f5 12.gxf5 gxf5 13.exf5 Bxf5 14.Bd3 Qf6 15.Nge2 Bxd3
16.Qxd3+ Qg6 17.Ne4 Kh8 18.h5 Qh7 19.O-O-O Nf6 20.Nxf6 Qxd3 21.Rxd3 Rxf6
22.Ng3 Nd7 23.b4 b6 24.Kd2 a5 25.Ra3 Rff8 26.bxa5 Rxa5 27.Rxa5 bxa5 28.Rb1 Rb8
29.Rxb8+ Nxb8 30.Ne4 Nd7 31.Kc3 Kh7 32.Kb3 Nf6 33.Nxf6+ Bxf6 34.Ka4 {#r} 1-0

[Event "It (open)"]
[Site "masterchessopen.com Karvina (Czech Republic)"]
[Date "2009.07.05"]
[Round "2"]
[White "Kantorik Marian (SVK)"]
[Black "Jacko-Jun Vladimir (SVK)"]
[Result "1-0"]
[WhiteElo "2383"]
[BlackElo "2079"]

1.d4 Nf6 2.c4 g6 3.Nc3 Bg7 4.e4 d6 5.Be2 O-O 6.Bg5 h6 7.Bf4 c5 8.d5 b5 9.cxb5
a6 10.a4 Qa5 11.Bd2 axb5 12.Nxb5 Qb6 13.Qc2 Na6 14.Nf3 Bd7 15.O-O Rfb8 16.Bc4
Bxb5 17.axb5 Nc7 18.e5 Nfxd5 19.e6 f5 20.Nh4 Kh7 21.Nxf5 Rxa1 22.Rxa1 Rf8
23.Nxg7 Kxg7 24.Qe4 Nf6 25.Bc3 Kh7 26.Qc6 Qxc6 27.bxc6 Nfd5 28.Ra7 Rc8 29.Bd2
Kg7 30.Ra3 Nb6 31.Ba2 Ra8 32.Ba5 Nbd5 33.Bxd5 Nxd5 34.Bc3+ {#r} 1-0

[Event "It (open)"]
[Site "masterchessopen.com Nachod (Czech Republic)"]
[Date "2009.07.07"]
[Round "4"]
[White "Schejbal Josef (CZE)"]
[Black "Soural Jan (CZE)"]
[Result "1-0"]
[WhiteElo "1940"]
[BlackElo "2207"]

1.d4 Nf6 2.c4 g6 3.Nc3 Bg7 4.e4 d6 5.Be2 O-O 6.Bg5 h6 7.Be3 c5 8.d5 e6 9.Qd2
Kh7 10.f3 exd5 11.cxd5 a6 12.a4 Qa5 13.Ra3 Re8 14.g4 Nbd7 15.Nh3 Ne5 16.Nf2
Qc7 17.h3 Rb8 18.f4 Ned7 19.O-O c4 20.Bd4 b5 21.axb5 axb5 22.Ra7 Qd8 23.g5
hxg5 24.fxg5 Ng8 25.Bxg7 Kxg7 26.Qd4+ Ne5 27.Ng4 Re7 28.Nxe5 Rxa7 29.Nxf7+
{#r} 1-0

[Event "It (open)"]
[Site "masterchessopen.com La Fere (France)"]
[Date "2009.07.09"]
[Round "7"]
[White "Blondel Francis (FRA)"]
[Black "Feryn Benjamin (FRA)"]
[Result "0-1"]
[WhiteElo "1616"]
[BlackElo "1954"]

1.d4 Nf6 2.c4 g6 3.Nc3 Bg7 4.e4 d6 5.Be2 O-O 6.Bg5 h6 7.Be3 e5 8.d5 Nbd7 9.Qd2
Kh7 10.f3 a6 11.Nh3 Nc5 12.Nf2 Nh5 13.b4 Nd7 14.Ng4 Nf4 15.Bd1 h5 16.g3 hxg4
17.gxf4 gxf3 18.h4 exf4 19.Bd4 Bxd4 20.Qxd4 Ne5 21.h5 g5 22.a4 g4 23.c5 g3
24.Ra2 Qf6 25.Rd2 g2 26.Rh2 Qg5 27.Qg1 Qg3+ 28.Rf2 Nd3+ 29.Kd2 Qxf2+ 30.Qxf2
Nxf2 {#R} 0-1

[Event "It (open)"]
[Site "masterchessopen.com Chojnice (Poland)"]
[Date "2009.07.12"]
[Round "2"]
[White "Budrewicz Krzysztof (POL)"]
[Black "Kuczewski Marek (POL)"]
[Result "1-0"]
[WhiteElo "2374"]
[BlackElo "2155"]

1.d4 Nf6 2.c4 g6 3.Nc3 Bg7 4.e4 d6 5.Be2 O-O 6.Bg5 h6 7.Be3 e5 8.d5 Ne8 9.Qd2
Kh7 10.h4 f5 11.f3 Nf6 12.exf5 gxf5 13.Bd3 Na6 14.Bc2 Qe7 15.Nge2 Bd7 16.O-O-O
Nc5 17.g4 e4 18.Ng3 fxg4 19.fxe4 Kg8 {#r} 1-0

[Event "It (open)"]
[Site "masterchessopen.com Oberwart (Austria)"]
[Date "2009.07.17"]
[Round "7"]
[White "Schroll Gerhard (AUT)"]
[Black "Magyar Andras (HUN)"]
[Result "1-0"]
[WhiteElo "2400"]
[BlackElo "2262"]

1.d4 Nf6 2.c4 g6 3.Nc3 Bg7 4.e4 d6 5.Be2 O-O 6.Bg5 h6 7.Be3 e5 8.d5 Ne8 9.Qd2
Kh7 10.g4 f5 11.gxf5 gxf5 12.exf5 Bxf5 13.Bd3 Qd7 14.Nge2 Bxd3 15.Qxd3+ Qf5
16.Qxf5+ Rxf5 17.Ng3 Rf7 18.Ke2 Nd7 19.Nce4 Bf8 20.Rhg1 Ng7 21.Rg2 Be7 22.Rag1
Raf8 23.b3 Bh4 24.Kd3 Rf3 25.Ke2 Bxg3 26.hxg3 Nc5 27.Nxc5 dxc5 28.Bxc5 R8f7
29.Be3 R3f6 30.g4 Ra6 31.a4 Kg6 32.Rh2 {#r} 1-0

[Event "It (open)"]
[Site "masterchessopen.com Avoine (France)"]
[Date "2009.07.20"]
[Round "2"]
[White "Guinovart Jose (FRA)"]
[Black "Lelong Eric (FRA)"]
[Result "0-1"]
[WhiteElo "1903"]
[BlackElo "2017"]

1.d4 Nf6 2.c4 g6 3.Nc3 Bg7 4.e4 d6 5.Be2 O-O 6.Bg5 h6 7.Bh4 c5 8.d5 Qa5 9.Qd2
a6 10.Nf3 b5 11.cxb5 axb5 12.Nxb5 Nxe4 13.Qxa5 Rxa5 14.O-O g5 15.Bg3 Ba6 16.a4
Bxb2 17.Ra2 Bg7 18.Bd3 Nc3 19.Nxc3 Bxd3 20.Rd1 Bc4 21.Ra3 Bxc3 22.Rxc3 Rxa4
23.h4 g4 24.Ne1 f5 25.f4 gxf3 26.Nxf3 Nd7 27.Re3 Rf7 28.Re6 Nf6 29.h5 Nxh5
30.Bh4 Bxd5 31.Rxd5 Nf4 32.Rdxd6 exd6 33.Rxd6 Ra2 34.Ne1 Rg7 35.Bf2 Nh3+ {#R}
0-1

[Event "It (open)"]
[Site "masterchessopen.com Senta (Serbia)"]
[Date "2009.07.21"]
[Round "5"]
[White "Tancik Kristijan (SRB)"]
[Black "Tonkovic Robert (BIH)"]
[Result "1-0"]
[WhiteElo "2255"]
[BlackElo "2106"]

1.d4 Nf6 2.c4 g6 3.Nc3 Bg7 4.e4 d6 5.Be2 O-O 6.Bg5 h6 7.Be3 e5 8.d5 Nbd7 9.Qd2
Kh7 10.f3 Nc5 11.h4 Ne8 12.h5 g5 13.g4 b6 14.Nh3 Bf6 15.Nf2 Be7 16.O-O f6
17.b4 Nb7 18.Rfc1 Bd7 19.Nd3 Ng7 20.Rab1 Qe8 21.Bd1 Rg8 22.c5 dxc5 23.bxc5
Nxc5 24.Nxc5 bxc5 25.Qf2 Qf7 26.Bxc5 Bxc5 27.Qxc5 Nxh5 28.gxh5 g4 29.f4 exf4
30.Ne2 Qxh5 31.Nxf4 Qe5 32.Qxc7 Qd4+ 33.Kf1 g3 34.Qxd7+ Kh8 35.Rc2 Qxe4 36.Ng2
Qd3+ 37.Kg1 Qd4+ 38.Kh1 Rae8 39.Qh3 Rg6 40.Bh5 {#r} 1-0

[Event "Tournament (open)"]
[Site "masterchessopen.com Senigallia (Italy)"]
[Date "2009.07.22"]
[Round "3"]
[White "De Santis Alessio (ITA)"]
[Black "Calza Gabriele (ITA)"]
[Result "1-0"]
[WhiteElo "2293"]
[BlackElo "2001"]

1.d4 Nf6 2.c4 g6 3.Nc3 Bg7 4.e4 d6 5.Be2 O-O 6.Bg5 h6 7.Be3 c5 8.d5 e6 9.Qd2
exd5 10.cxd5 Kh7 11.f3 a6 12.a4 Qa5 13.Ra3 Nbd7 14.Nh3 Rb8 15.Nf2 Ne5 16.O-O
Qb4 17.Rc1 Bd7 18.Qd1 Be8 19.f4 Ned7 20.a5 Nh5 21.Nd3 Bd4 22.Nxb4 Bxe3+ 23.Kh1
cxb4 24.Rb3 Bxc1 25.Qxc1 bxc3 26.Rxc3 Nhf6 27.Bf3 Nc5 28.e5 Nfe4 29.Bxe4 Nxe4
30.Rc7 dxe5 31.fxe5 Bb5 32.Kg1 Rbd8 33.Qf4 Ng5 34.h4 Rxd5 35.hxg5 hxg5
36.Rxf7+ {#r} 1-0

[Event "It (open)"]
[Site "masterchessopen.com Gdansk (Poland)"]
[Date "2009.07.26"]
[Round "9"]
[White "Szczepaniec Stanislaw (POL)"]
[Black "Zielinski Maciej (POL)"]
[Result "1-0"]
[WhiteElo "2149"]
[BlackElo "1888"]

1.c4 Nf6 2.Nc3 g6 3.e4 d6 4.d4 Bg7 5.Be2 O-O 6.Bg5 h6 7.Be3 Nbd7 8.Qd2 Kh7
9.g4 e5 10.d5 Nc5 11.f3 Ng8 12.h4 Ne7 13.h5 g5 14.b4 Na6 15.a3 b6 16.Nh3 f6
17.Nf2 Nb8 18.O-O Qe8 19.c5 f5 20.exf5 Bxf5 21.gxf5 Nxf5 22.Bd3 Kg8 23.Bxf5
Rxf5 24.cxd6 cxd6 25.Nfe4 Bf8 26.Ng3 Rf4 27.Nce4 Nd7 28.Rac1 Qf7 29.Rc7 Rd8
30.Rxa7 Rxf3 31.Rxf3 Qxf3 32.Qf2 Qd1+ 33.Kg2 Bg7 34.Qf5 {#r} 1-0